000 00824nam a22002657a 4500
001 BR9213325
003 BR-BrBNA
005 20230928095107.0
007 ta
008 230509b bl.||||| |||| 00| 0 por d
040 _aBR-BrBNA
_bpor
_cBiblioteca Nacional de Agricultura
041 _a(Por)
072 _aP06; E70
_b8961
090 _ 8961 BR9213325
100 1 _aBrugnaro, C.
110 1 _aEscola Superior de Agricultura Luiz de Queiroz, Piracicaba, SP (Brasil)
_0Tese (Mestre em Agronomia)
245 1 _aEstimativa do saldo do governo na comercializacao de alcool carburante
260 3 _aPiracicaba, SP (Brasil):
_c1992.
300 _a113 p.
500 _a30 tables; 33 ref.; Summaries (Eng, Por)
650 _aAlcool
650 _aPolitica de Preco
909 _a202309
_bLucia
_c55
_dLucia Elande
942 _cBK
999 _c54480
_d54480